00517nam a2200193 a 4500001001300000003000900013005001700022008004100039020002300080082001900103100001900122245005500141260003500196300000900231500003500240505001000275650001900285700001900304nice12345678IN_TiNIC20260116014432.0050524s2003 dela grp 000 0 eng  a8178245 c69500a320.0954bKAU1 aKaur, Raminder aPerformative Politics and the Cultures of Hinduism aDelhi bPermanent Black c2003 a306p aincludes index and biblioraphy2 aIndex aPolitics-India1 aKaur, Raminder